Learning tensorflow: a guide to building deep learning systems. (Record no. 196950)

MARC details
000 -LEADER
fixed length control field 00704nam a2200229Ia 4500
003 - CONTROL NUMBER IDENTIFIER
control field OSt
005 - DATE AND TIME OF LATEST TRANSACTION
control field 20251014103120.0
008 - FIXED-LENGTH DATA ELEMENTS--GENERAL INFORMATION
fixed length control field 210716s2018 xx 000 0 und d
020 ## - INTERNATIONAL STANDARD BOOK NUMBER
International Standard Book Number 9789352136100
040 ## - CATALOGING SOURCE
Transcribing agency AIMIT LIBRARY
041 ## - LANGUAGE CODE
Language code of text/sound track or separate title eng
082 ## - DEWEY DECIMAL CLASSIFICATION NUMBER
Classification number 005.76813
Edition number 1
Item number HOPT
100 ## - MAIN ENTRY--PERSONAL NAME
Personal name Hope, Tom.
9 (RLIN) 242188
245 ## - TITLE STATEMENT
Title Learning tensorflow: a guide to building deep learning systems.
Remainder of title Guide to building deep learning systems.
250 ## - EDITION STATEMENT
Edition statement 1
260 ## - PUBLICATION, DISTRIBUTION, ETC.
Place of publication, distribution, etc. New Delhi
Name of publisher, distributor, etc. Shroff Publications and Distributers Pvt Ltd
Date of publication, distribution, etc. 2018
300 ## - PHYSICAL DESCRIPTION
Extent x,228
650 ## - SUBJECT ADDED ENTRY--TOPICAL TERM
Topical term or geographic name entry element None
9 (RLIN) 242189
700 ## - ADDED ENTRY--PERSONAL NAME
Personal name Resheff, Yehezkel S.
9 (RLIN) 242190
700 ## - ADDED ENTRY--PERSONAL NAME
Personal name Lieder, Itay.
9 (RLIN) 242191
942 ## - ADDED ENTRY ELEMENTS (KOHA)
Source of classification or shelving scheme Dewey Decimal Classification
Koha item type Book
Edition 1st
Call number prefix 005.76813 HOPT
Holdings
Withdrawn status Lost status Source of classification or shelving scheme Damaged status Not for loan Collection code Home library Current library Source of acquisition Cost, normal purchase price Inventory number Total Checkouts Full call number Barcode Date last seen Cost, replacement price Price effective from Koha item type
    Dewey Decimal Classification     MCA St Aloysius Institute of Management & Information Technology St Aloysius Institute of Management & Information Technology Shroff Publishers 700.00 Bill no:1483; Bill dt:2019-02-15   005.76813 HOPT MCA16465 05/23/2026 525.00 07/16/2021 Book